00309nam a2200109Ia 4500008004100000020002200041082001800063100001700081245006300098260002900161300000900190210430s9999 xx 000 0 und d a978-0-521-68533-8 a620.1 D2321 I aAnil W. Date aIntroduction to Computational Fluid DynamicscAnil W. Date aNew yorkbCambridgc2010 a377p